Statistics for Countries Producing Most Fashion Models per Capita

Click here to take the quiz!

General Stats

  • This quiz has been taken 122 times
  • The average score is 7 of 10

Answer Stats

#Model producing country per capita% Correct
6.Sweden
93%
9.Norway
85%
4.Denmark
76%
1.Estonia
70%
5.Latvia
68%
2.Iceland
66%
7.Netherlands
66%
3.Lithuania
64%
8.Slovakia
55%
10.Czech Republic
52%

Score Distribution

Percentile by Number Answered

Percent of People with Each Score

Your Score History

You have not taken this quiz